Statistics for Elements with Highest Scrabble Scores

Click here to take the quiz!

General Stats

  • This quiz has been taken 40 times
  • The average score is 10 of 25

Answer Stats

ScoreElement% Correct
22Zirconium
71%
22Rutherfordium
60%
16Ytterbium
51%
18Californium
49%
17Oxygen
49%
17Lawrencium
46%
22Praseodymium
46%
20Molybdenum
43%
18Moscovium
43%
19Promethium
43%
16Beryllium
40%
19Copernicium
40%
18Darmstadtium
40%
18Livermorium
40%
20Phosphorus
40%
18Protactinium
40%
17Flerovium
37%
16Krypton
37%
19Mendelevium
37%
17Neodymium
34%
18Dysprosium
26%
16Hydrogen
26%
17Technetium
26%
17Chromium
23%
17Berkelium
20%

Score Distribution

Percentile by Number Answered

Percent of People with Each Score

Your Score History

You have not taken this quiz